000 00825nam a2200205 i 4500
001 124977
003 ES-MaACL
005 20230906192530.0
007 t|
008 070425s1930 sp ||||1| spa d
100 1 _aBacariza Varela, Augusto.
_924441
245 1 3 _aEl retiro obligatorio y las industrias del mar y sus derivadas
_b: 1921-1930.
260 _aMadrid :
_b[s.n.],
_c1930 (
_fSobrinos Sucesores de Minuesa de los Ríos)
300 _a121 p., 1 h. pleg. ;
_c22 cm.
490 1 _aPublicaciones del Instituto Nacional de Previsión ;
_v231
500 _aComunicación de D. Augusto Bacariza a la Asamblea del Instituto Nacional de Previsión y sus Cajas Colaboradoras.
830 0 _aPublicaciones del Instituto Nacional de Previsión ;
_v231
_9181151
852 _aES-MaACL
_jC-12647(12)
999 _c124977
_d124977